| 000 | 00782cam a2200265 a 4500 | ||
|---|---|---|---|
| 001 | 143863 | ||
| 003 | OSt | ||
| 005 | 20180921 | ||
| 008 | 0000001988 dr D 0000000000spa00 | ||
| 100 | _aBalaguer Ricardo, Joaquín, 1906-2002 | ||
| 245 |
_aPedestales : discursos históricos _cJoaquín Balaguer |
||
| 260 |
_aSanto Domingo : _bCorripio |
||
| 300 | _a167 p. | ||
| 490 |
_aColección Discursos; _vTomo VI |
||
| 504 | _aIncluye índice | ||
| 600 | _aBalaguer, Joaquín, 1906-2002 | ||
| 650 | _aDiscursos | ||
| 040 |
_aDLC _cDLC |
||
| 942 |
_2ddc _cBK |
||
| 999 |
_c143863 _d14386300 |
||